000 00280nam a22001097a 4500
008 160507b xxu||||| |||| 00| 0 eng d
020 _a0397506899
041 _aeng
080 _a573
245 _aMicrobiology:
_cBernard D. Davis; Renato Dulbecco; Herman N. Eisen;
942 _2udc
_cBK
999 _c1920
_d1920